00570nam a2200181 a 450000100060000000300090000600800410001502000150005604000280007108200200009911000580011924500630017726000490024030000100028965000180029965000320031765000390034912607CO-ViMGA141112s2004 ck r 000 u spa d a9589028691 aCO-ViMGAbspacCO-ViMGA04a336.20986 C65m6 aColombia - Ministerio de Hacienda y credito público10aMemoria de Hacienda : bCarlos LLeras Restrepo 1939 - 1940 aBogotá : bBanco de la República, c1992 a248p.14aDEUDA PUBLICA14aHACIENDA PUBLICA - COLOMBIA14aLLERAS RESTREPO CARLOS 1939 - 1940